000 00615nab a2200241 a 4500
001 55545
003 126356
005 20201118103132.0
008 ||||||n9999 ||| || ||
041 _aspa
100 _aKoffmann O'Reilly, Alejandro
245 0 _aNingun modelo es perfecto
260 _aChile :
_bGrupo Nanbei,
_c1998.
300 _app.39
562 _e0
650 _aANÁLISIS DE CASOS
650 _aCHILE
650 _aFOMENTO INDUSTRIAL
650 _aFUNDACIONES DE DESARROLLO
650 _aTRANSFERENCIA TECNOLOGICA
773 _052723
_aAmérica Economía - No.136
942 _cSART
999 _c55545
_d55545